| 000 | 00654nam a22001817a 4500 | ||
|---|---|---|---|
| 999 |
_c109612 _d109612 |
||
| 005 | 20200130102352.0 | ||
| 010 | _aB-245228 | ||
| 020 | _c150.00 | ||
| 035 | _aB-245228 | ||
| 037 | _bCen Lib/Ret | ||
| 082 | _a500 | ||
| 245 |
_aمولانا آزاد کےسیانسی مضامین / _cمرتب و مولف - وہاب قیصر |
||
| 246 |
_aMaulana Azaad ke Siyasi Muzamin / _bedited by Wahab Qaisar |
||
| 260 |
_aپٹنہ _bخدا بخش اور ينٹل پبک لابري _c2006 ء |
||
| 270 |
_aخدا بخش اور ينٹل پبک لابري _bپٹنہ _e4 |
||
| 300 |
_a256ص _c20cm(Hb) |
||
| 942 |
_2ddc _cUR _h500 _mا ب و |
||